00364nam a2200157Ia 45000010006000000050017000060080041000230410008000640820014000721000026000862450041001122600009001533000028001626500008001906540008001981745020260306171518.0260306s9999||||xx |||||||||||||| ||und|| aESP a658bD14I aDaft, Richard L.eAUT 0aIntroducción a la administración c2010 a621 páginas :c27 cm. aGEN aCAN